| 000 | 00782cam a2200217 a 4500 | ||
|---|---|---|---|
| 001 | 000002138 | ||
| 005 | 20200929145839.0 | ||
| 008 | 911218s1992 waua b 001 0beng | ||
| 020 | _a0943235057 | ||
| 040 |
_aDO-SdBNP _cDLC |
||
| 082 |
_a923.173 _bB978T |
||
| 100 | 1 |
_aTarpley, Webster Griffin. _96850 |
|
| 245 | 1 | 0 |
_aGeorge Bush : _bthe unauthorized biography / _cby Webster Griffin Tarpley and Anton Chaitkin. |
| 260 |
_aWashington, D.C. : _bExecutive Intelligence Review, _c1992. |
||
| 300 |
_aviii, [664] p. : _bil. ; _c21 cm. |
||
| 504 | _aIncluye referencias bibliográficas e índice. | ||
| 600 | 1 | 0 |
_aBUSH, GEORGE, _d1924- _96851 |
| 650 | 4 |
_aPresidentes _zEstados Unidos _xBiografía _93714 |
|
| 700 | 1 |
_aChaitkin, Anton, _d1943- _96852 |
|
| 910 | _aCatalogación por copia / LC | ||
| 999 |
_c1990 _d1990 |
||